000 00590nam a2200205 a 4500
001 0762
005 20140414131858.0
008 040929s19uu xx 00 eng d
020 _a971-529-019-1
050 _aFIL
_bB31 1999
100 _aVillanueva, Rene O.
245 _aAng batang ayaw gumising /
_cby Rene O. Villanueva ; illustrated by John Crisostomo.
260 _aPhilippines :
_bUNICEF,
_c1999.
300 _ap. : ill. ; cm.
440 _aUNICEF
500 _aIncludes: Rights of the Child
650 _aChildren stories.
650 _aFilipino stories.
999 _c110537
_d110537